[Event "30. Augsburger Friedensfest-Open"]
[Site "Augsburg"]
[Date "2025.08.08"]
[Round "4.9"]
[White "Hofbauer, Bernhard"]
[Black "Romfeld, Michael"]
[Result "0-1"]
[WhiteElo "1913"]
[BlackElo "2162"]
[EventDate "2025.08.07"]
[Time "15:30:00"]
[WhiteNrv "1913"]
[BlackNrv "2162"]
[WhiteTwz "1913"]
[BlackTwz "2162"]
[WhiteFideId "34666303"]
[BlackFideId "16211537"]
[WhiteNatFedId "10086413"]
[BlackNatFedId "10180068"]
[WhiteAttr "M"]
[BlackAttr "M"]
[WhiteTeam "SK Tarrasch 1945 Muenchen"]
[BlackTeam "SAbt TSV Haunstetten"]

1.d4 d5 2.Nf3 c5 3.e3 Nc6 4.b3 cxd4 5.exd4 Bg4 6.Be2 Nf6 7.O-O e6 8.Bb2 
Qb6 9.Nbd2 Be7 10.Re1 Rc8 11.Nf1 O-O 12.Ne3 Bh5 13.Ne5 Bxe2 14.Rxe2 Ne4 
15.Nd7 Qc7 16.Nxf8 Bd6 17.g3 Rxf8 18.c4 f5 19.Nf1 Qf7 20.a3 f4 21.Rxe4 
dxe4 22.Qe2 Qg6 23.Re1 e3 24.Nxe3 fxe3 25.Qxe3 Nd8 26.b4 Qc2 27.Qe2 Qf5 
28.Kg2 h5 29.h4 Kh7 30.Bc1 Nc6 31.Bb2 Rf7 32.Qe4 Qxe4+ 33.Rxe4 Re7 34.f4 
Kg6 35.Bc3 Kf7 36.Kf3 Rd7 37.Re2 Ne7 38.Rd2 g6 39.Kf2 Nf5 40.Kf3 Be7 41.
Rd3 Bf6 42.Ke4 Nd6+ 0-1

[Event "30. Augsburger Friedensfest-Open"]
[Site "Augsburg"]
[Date "2025.08.08"]
[Round "4.10"]
[White "Bossinger, Patrick"]
[Black "Zimmermann, Felix"]
[Result "1-0"]
[WhiteElo "2085"]
[BlackElo "1924"]
[EventDate "2025.08.07"]
[Time "15:30:00"]
[WhiteNrv "2085"]
[BlackNrv "1924"]
[WhiteTwz "2085"]
[BlackTwz "1924"]
[WhiteFideId "16219759"]
[BlackFideId "12989720"]
[WhiteNatFedId "10266033"]
[BlackNatFedId "10262226"]
[WhiteAttr "M"]
[BlackAttr "M"]
[WhiteTeam "SV Jedesheim 1921"]
[BlackTeam "SV Gruen-W. Niederwiesa"]

1.e4 c6 2.Nf3 d5 3.d3 dxe4 4.dxe4 Qxd1+ 5.Kxd1 Bg4 6.Be2 Nd7 7.Ne1 Bxe2+ 
8.Kxe2 e5 9.Nd3 O-O-O 10.Be3 b6 11.Nd2 f6 12.a4 Kb7 13.Nc4 Nh6 14.Bxh6 
gxh6 15.c3 Nc5 16.Nxc5+ Bxc5 17.b4 Bd6 18.Rhd1 Bc7 19.Ne3 Rhg8 20.g3 h5 
21.Nf5 b5 22.axb5 cxb5 23.h4 Bb6 24.Rxd8 Rxd8 25.Ng7 Rc8 26.Ra3 Rf8 27.f3 
Kc6 28.Nxh5 f5 29.exf5 Rxf5 30.g4 Rf8 31.Ng3 Kd5 32.h5 Ra8 33.Ne4 h6 34.
Ra1 Ke6 35.Rd1 Rd8 36.Nc5+ Ke7 37.Rxd8 Bxd8 38.Nb7 Bb6 39.Kd3 Bf2 40.Na5 
Kf6 41.Nb3 Be1 42.Nd2 Ke6 43.Ne4 Bh4 44.c4 Be1 45.cxb5 Bxb4 46.Kc4 Ba3 47.
Kb3 Bc1 48.Kb4 Kd5 49.g5 hxg5 50.h6 g4 51.h7 gxf3 52.Nc3+ Kd4 53.h8=Q Bd2 
54.Qh4+ Ke3 55.Qg5+ Kd3 56.Qf5+ Ke3 57.Qxe5+ Kf2 58.Qd4+ Ke1 59.Qg1# 1-0

[Event "30. Augsburger Friedensfest-Open"]
[Site "Augsburg"]
[Date "2025.08.08"]
[Round "4.11"]
[White "Isbilir, Levin"]
[Black "Mayer, Manuel"]
[Result "1-0"]
[WhiteElo "2073"]
[BlackElo "1900"]
[EventDate "2025.08.07"]
[Time "15:30:00"]
[WhiteNrv "2073"]
[BlackNrv "1900"]
[WhiteTwz "2073"]
[BlackTwz "1900"]
[WhiteFideId "16267192"]
[BlackFideId "34636838"]
[WhiteNatFedId "10593582"]
[BlackNatFedId "10762354"]
[WhiteAttr "M"]
[BlackAttr "M"]
[WhiteTeam "SC Erlangen 48/88"]
[BlackTeam "TSV Landsberg 1882"]

1.e4 c5 2.Nf3 Nc6 3.Bb5 g6 4.Bxc6 dxc6 5.d3 Bg7 6.h3 Nf6 7.Nc3 O-O 8.Be3 
b6 9.O-O Ba6 10.Qd2 Re8 11.Bh6 Bh8 12.Rae1 Qc7 13.b3 Rad8 14.e5 Nd5 15.Ne4
Bc8 16.a3 Qb8 17.Qg5 Nc7 18.Qh4 Bf5 19.Ng3 Bc8 20.Ng5 Ne6 21.f4 Nxg5 22.
Bxg5 Qc7 23.Kh1 a5 24.Rf3 Rd5 25.Ref1 f6 26.exf6 e6 27.Ne4 Qf7 28.Nf2 h6 
29.Qxh6 Qh7 30.Qxh7+ Kxh7 31.Ng4 Rf8 32.Re3 Rd6 33.Re4 Bd7 34.Rfe1 Bc8 35.
Kg1 Rf7 36.Kf2 Rf8 37.Rh1 Bd7 38.h4 Be8 39.Rhe1 Bf7 40.Nh6 Bxf6 41.Bxf6 
Kxh6 42.Be7 Rdd8 43.Bxf8+ Rxf8 44.g4 Bg8 45.Kg3 Bf7 46.Re5 Ra8 47.a4 Rd8 
48.Rxe6 Bxe6 49.Rxe6 Kg7 50.Rxc6 Re8 51.Kf2 Rf8 52.Kf3 Re8 53.Rxb6 Re1 54.
Rc6 Rh1 55.Rxc5 Rxh4 56.Rxa5 Kf6 57.g5+ Ke6 58.Ra6+ Kd5 59.Rxg6 Rh2 60.c4+
Kd4 61.Rd6+ Kc3 62.g6 Rh1 63.f5 Rg1 64.Kf4 Kxb3 65.Ke5 Kb4 66.Kf6 Kc5 67.
Rd5+ Kc6 68.g7 Kc7 69.Kf7 Kc6 70.g8=Q Rxg8 71.Kxg8 Kb6 72.f6 Kc7 73.f7 Kb7
74.f8=Q Ka6 75.Qd6+ Kb7 76.Rb5+ Ka7 77.Qb8+ Ka6 78.Qb6# 1-0

[Event "30. Augsburger Friedensfest-Open"]
[Site "Augsburg"]
[Date "2025.08.08"]
[Round "4.12"]
[White "Baeuml, Ulrich"]
[Black "Schubert, Martin"]
[Result "1/2-1/2"]
[WhiteElo "2055"]
[BlackElo "1899"]
[EventDate "2025.08.07"]
[Time "15:30:00"]
[WhiteNrv "2055"]
[BlackNrv "1899"]
[WhiteTwz "2055"]
[BlackTwz "1899"]
[WhiteFideId "4635051"]
[BlackFideId "12951480"]
[WhiteNatFedId "10006494"]
[BlackNatFedId "10199914"]
[WhiteAttr "M"]
[BlackAttr "M"]
[WhiteTeam "SC Dillingen"]
[BlackTeam "SF Pfullingen"]

1.Nf3 Nf6 2.g3 c5 3.c4 d5 4.cxd5 Nxd5 5.Nc3 Nc6 6.Bg2 Nc7 7.d3 e5 8.O-O 
Be7 9.a3 O-O 10.Be3 Be6 11.Rc1 1/2-1/2

[Event "30. Augsburger Friedensfest-Open"]
[Site "Augsburg"]
[Date "2025.08.08"]
[Round "4.13"]
[White "Rempel, Alexander"]
[Black "Kamenskyi, Dmytro"]
[Result "0-1"]
[WhiteElo "1874"]
[BlackElo "2049"]
[EventDate "2025.08.07"]
[Time "15:30:00"]
[WhiteNrv "1874"]
[BlackNrv "2049"]
[WhiteTwz "1874"]
[BlackTwz "2049"]
[WhiteFideId "34618600"]
[BlackFideId "34123466"]
[WhiteNatFedId "10586418"]
[BlackNatFedId "10745791"]
[WhiteAttr "M"]
[BlackAttr "M"]
[WhiteTeam "SF Augsburg"]
[BlackTeam "SK Kriegshaber"]

1.e4 e6 2.d4 d5 3.e5 c5 4.c3 Nc6 5.Nf3 Nge7 6.Na3 Bd7 7.Be2 cxd4 8.cxd4 
Nf5 9.Nc2 Be7 10.b3 O-O 11.O-O b5 12.Kh1 b4 13.Ne3 Nxe3 14.Bxe3 a5 15.Bd3 
Na7 16.Rg1 Bb5 17.Bc2 Rc8 18.Ne1 Ba6 19.Qh5 Rxc2 20.Nxc2 Bd3 21.Ne1 Be4 
22.Qe2 Qb6 23.f3 Bg6 24.Nd3 Nb5 25.Nb2 Nc3 26.Qf2 Qb5 27.Nd1 Rb8 28.a4 Qd3
29.Rc1 Nxd1 30.Rgxd1 Qxb3 31.Ra1 Rc8 32.Qf1 Qxe3 33.Qa6 Rf8 34.Qxa5 b3 35.
Qb5 Bc2 36.a5 Bxd1 37.Rxd1 Qc3 38.a6 Qb4 39.Qe2 Qc4 40.Qb2 Qc2 41.Rb1 Qxb2
42.Rxb2 Ra8 0-1

[Event "30. Augsburger Friedensfest-Open"]
[Site "Augsburg"]
[Date "2025.08.08"]
[Round "4.14"]
[White "Dauer, Maximilian"]
[Black "Timm, Jasper"]
[Result "1-0"]
[WhiteElo "2035"]
[BlackElo "1886"]
[EventDate "2025.08.07"]
[Time "15:30:00"]
[WhiteNrv "2035"]
[BlackNrv "1886"]
[WhiteTwz "2035"]
[BlackTwz "1886"]
[WhiteFideId "1270802"]
[BlackFideId "34614613"]
[WhiteNatFedId "10033526"]
[BlackNatFedId "10762306"]
[WhiteAttr "M"]
[BlackAttr "M"]
[WhiteTeam "Spgem Koetz/Ichenhausen"]
[BlackTeam "SK Graefelfing"]

1.d4 Nf6 2.Bf4 b6 3.Nf3 Bb7 4.e3 e6 5.Nbd2 d5 6.Bd3 Bd6 7.Bg3 O-O 8.Qe2 c5
9.c3 a5 10.Rd1 cxd4 11.exd4 Ba6 12.Bxa6 Rxa6 13.Ne5 Ra7 14.Bh4 a4 15.a3 
Be7 16.O-O Qc7 17.f4 Nbd7 18.Rf3 Rc8 19.Re1 Nf8 20.f5 exf5 21.Rxf5 Ng6 22.
Bxf6 Bxf6 23.Nxg6 hxg6 24.Rxd5 Qb8 25.Ne4 Be7 26.Qf3 Rc6 27.Re5 Rc8 28.Qh3
Rd8 29.Ng5 Bxg5 30.Rxg5 Qd6 31.Rge5 Raa8 32.Re7 Qd5 33.Qf3 Qb3 34.Rf1 Rf8 
35.Qe2 Ra5 36.c4 Rf5 37.Rxf5 gxf5 38.Re3 Qa2 39.Rf3 Qb1+ 40.Rf1 Qe4 41.
Qxe4 fxe4 42.Kf2 Rc8 43.Rc1 f5 44.Ke3 Kf7 45.Kf4 Kf6 46.h4 g6 47.c5 Rc6 
48.g4 Ke6 49.gxf5+ gxf5 50.Rd1 Kd5 51.Kxf5 e3 52.Kf4 e2 53.Re1 Re6 54.cxb6
Kxd4 55.b7 Rf6+ 56.Kg5 Rb6 57.Rxe2 Rxb7 58.h5 Kd3 59.Rh2 Rb5+ 60.Kg4 1-0

[Event "30. Augsburger Friedensfest-Open"]
[Site "Augsburg"]
[Date "2025.08.08"]
[Round "4.15"]
[White "Lang, Thomas"]
[Black "Heilig, Tim Markus"]
[Result "1-0"]
[WhiteElo "2003"]
[BlackElo "1868"]
[EventDate "2025.08.07"]
[Time "15:30:00"]
[WhiteNrv "2003"]
[BlackNrv "1868"]
[WhiteTwz "2003"]
[BlackTwz "1868"]
[WhiteFideId "12982520"]
[BlackFideId "16295935"]
[WhiteNatFedId "10286870"]
[BlackNatFedId "10692999"]
[WhiteAttr "M"]
[BlackAttr "M"]
[WhiteTeam "SG Schwaebisch Gmuend 1872 e.V"]
[BlackTeam "SF 1876 Goeppingen"]

1.e4 e5 2.Nf3 Nc6 3.Bc4 Nf6 4.d4 exd4 5.O-O Nxe4 6.Re1 d5 7.Bxd5 Qxd5 8.
Nc3 Qd8 9.Rxe4+ Be7 10.Nxd4 f5 11.Rf4 O-O 12.Nxc6 Qxd1+ 13.Nxd1 bxc6 14.
Rc4 Bb7 15.Bf4 Bd6 16.Ne3 Rae8 17.Rd1 Bxf4 18.Rxf4 Bc8 19.h4 g6 20.g3 Kg7 
21.Ra4 a6 22.Rc4 Rf6 23.Rcd4 Rff8 24.Nc4 Be6 25.Ne5 Rb8 26.b3 c5 27.Ra4 
Ra8 28.Ra5 f4 29.Rxc5 fxg3 30.fxg3 Ra7 31.Rc6 Re8 32.Re1 Bd5 33.Rc5 Be6 
34.Nc6 Raa8 35.Nd4 Bg4 36.Rxc7+ Kh6 37.Ree7 Rxe7 38.Rxe7 Rd8 39.c3 Rd6 40.
Re4 Bd7 41.Kf2 Rf6+ 42.Rf4 Rd6 43.Nf3 Kg7 44.Rd4 Rxd4 45.Nxd4 Kf6 46.Ke3 
Ke5 47.c4 Be8 48.b4 Bf7 49.Kd3 h6 50.a4 Kd6 51.Nf3 Be6 52.Kd4 Bf5 53.Ne5 
h5 54.c5+ Kc7 55.b5 a5 56.b6+ Kb7 57.Kd5 Bc2 58.Kd6 Bxa4 59.Nc4 Bb5 60.
Nxa5+ 1-0

[Event "30. Augsburger Friedensfest-Open"]
[Site "Augsburg"]
[Date "2025.08.08"]
[Round "4.16"]
[White "Jekel, Wolfgang"]
[Black "Westerhof, Fleur"]
[Result "1/2-1/2"]
[WhiteElo "1853"]
[BlackElo "1987"]
[EventDate "2025.08.07"]
[Time "15:30:00"]
[WhiteNrv "1853"]
[BlackNrv "1987"]
[WhiteTwz "1853"]
[BlackTwz "1987"]
[WhiteFideId "4690370"]
[BlackFideId "1080369"]
[WhiteNatFedId "10095176"]
[BlackNatFedId "10890447"]
[WhiteAttr "M"]
[BlackAttr "W"]
[WhiteTeam "SF Voehringen"]
[BlackTeam "SK Turm Kleve 1974 e. V."]

1.d4 d5 2.Nf3 Nf6 3.e3 e6 4.Bd3 c5 5.b3 Nc6 6.a3 cxd4 7.exd4 Be7 8.Nbd2 
O-O 9.Bb2 Nh5 10.g3 Nf6 11.Ne5 Nd7 12.O-O Ncxe5 13.dxe5 Nc5 14.Be2 b6 15.
b4 Nd7 16.c4 dxc4 17.Nxc4 Ba6 18.Nd6 Nxe5 19.Bxe5 Bxd6 20.Bxd6 Bxe2 21.
Qxe2 Qxd6 22.Rfd1 Qe7 23.Rd3 Rfd8 24.Rad1 g6 25.h4 Rac8 26.Qe4 Rxd3 27.
Rxd3 Kf8 28.h5 1/2-1/2

[Event "30. Augsburger Friedensfest-Open"]
[Site "Augsburg"]
[Date "2025.08.08"]
[Round "4.17"]
[White "Rinderle, Matthias Dr."]
[Black "Winkelmeier, Alfred"]
[Result "1-0"]
[WhiteElo "1968"]
[BlackElo "1815"]
[EventDate "2025.08.07"]
[Time "15:30:00"]
[WhiteNrv "1968"]
[BlackNrv "1815"]
[WhiteTwz "1968"]
[BlackTwz "1815"]
[WhiteFideId "533033340"]
[BlackFideId "4680308"]
[WhiteNatFedId "10177473"]
[BlackNatFedId "10243648"]
[WhiteAttr "M"]
[BlackAttr "M"]
[WhiteTeam "SK Rochade Augsburg"]
[BlackTeam "SV Ilmmuenster"]

1.Nf3 d5 2.g3 Nf6 3.Bg2 g6 4.O-O Bg7 5.d3 O-O 6.Nbd2 Nbd7 7.e4 dxe4 8.dxe4
e5 9.b3 Re8 10.Bb2 Nh5 11.Nc4 Qf6 12.Nfxe5 Nxe5 13.f4 Bf8 14.Bxe5 Bc5+ 15.
Kh1 Rxe5 16.Nxe5 Nxg3+ 17.hxg3 Qg7 18.Qd8+ Bf8 19.Nd7 Qh6+ 20.Kg1 Bxd7 21.
Qxa8 Kg7 22.Qxa7 Qh5 23.Qd4+ Kg8 24.Qxd7 Bc5+ 25.Rf2 Qe2 1-0

[Event "30. Augsburger Friedensfest-Open"]
[Site "Augsburg"]
[Date "2025.08.08"]
[Round "4.18"]
[White "Wietschorke, Jens"]
[Black "Kelembet, Maksym"]
[Result "1/2-1/2"]
[WhiteElo "1841"]
[BlackElo "1952"]
[EventDate "2025.08.07"]
[Time "15:30:00"]
[WhiteNrv "1841"]
[BlackNrv "1952"]
[WhiteTwz "1841"]
[BlackTwz "1952"]
[WhiteFideId "16296176"]
[BlackFideId "34684735"]
[WhiteNatFedId "10242290"]
[BlackNatFedId "10828571"]
[WhiteAttr "M"]
[BlackAttr "M"]
[WhiteTeam "SK Caissa Augsburg"]
[BlackTeam "SV Jedesheim 1921"]

1.e4 e6 2.Nf3 d5 3.e5 Bd7 4.a3 a6 5.b4 Ne7 6.d4 Bb5 7.Bxb5+ axb5 8.Qd3 c6 
9.Nbd2 Ng6 10.Nb3 Be7 11.Bd2 Nd7 12.Na5 Qc7 13.h4 h5 14.Bg5 Bxg5 15.Nxg5 
Nf4 16.Qc3 f6 17.g3 fxg5 18.gxf4 gxf4 19.Qh3 Nf8 20.Rg1 Qf7 21.Qc3 Rc8 22.
a4 Qd7 23.Qc5 Qc7 24.Qc3 b6 25.Nb3 bxa4 26.Rxa4 Qe7 27.b5 Qd7 28.bxc6 Rxc6
29.Ra8+ Kf7 30.Qf3 Rc8 31.Qxf4+ Kg8 32.Rxc8 Qxc8 33.Kd2 Qd7 34.Qg5 Qf7 35.
Ke2 Qc7 36.Kd2 Qf7 37.Rg2 Rh7 38.c3 Qa7 39.Nc1 1/2-1/2

[Event "30. Augsburger Friedensfest-Open"]
[Site "Augsburg"]
[Date "2025.08.08"]
[Round "4.19"]
[White "Schuelke, Tilman"]
[Black "Reis, Thomas"]
[Result "1/2-1/2"]
[WhiteElo "1816"]
[BlackElo "2178"]
[EventDate "2025.08.07"]
[Time "15:30:00"]
[WhiteNrv "1816"]
[BlackNrv "2178"]
[WhiteTwz "1816"]
[BlackTwz "2178"]
[WhiteFideId "4647475"]
[BlackFideId "4678699"]
[WhiteNatFedId "10200219"]
[BlackNatFedId "10174084"]
[WhiteAttr "M"]
[BlackAttr "M"]
[WhiteTeam "SF Pfullingen"]
[BlackTeam "SK Kriegshaber"]

1.d4 d5 2.c3 Nf6 3.Bg5 e6 4.e3 Be7 5.Nd2 h6 6.Bh4 O-O 7.Bd3 b6 8.Qe2 a5 9.
Bxf6 Bxf6 10.Ngf3 Ba6 11.e4 Bxd3 12.Qxd3 c5 13.dxc5 bxc5 14.O-O c4 15.Qe3 
Qc7 16.e5 Be7 17.Nd4 Bc5 18.f4 Nc6 19.N2f3 Qb6 20.Rf2 Rae8 21.Rd1 f5 22.g3
Rf7 23.Kh1 Rb7 24.Rg2 a4 25.a3 Reb8 26.Rdd2 Bxd4 27.Nxd4 Nxd4 28.cxd4 Qb3 
29.Qe2 Qa2 30.h3 Kh7 31.Kh2 Qb1 32.Rc2 Rf7 33.g4 g6 34.h4 Rg8 35.Rg1 Qa2 
36.Rc3 Rb7 37.Rg2 Rf7 38.h5 gxh5 39.g5 Rfg7 40.Qxh5 Rg6 41.Rh3 Qb1 42.Qe2 
Qc1 43.Qf2 Qd1 44.Rg1 Qb3 45.Rxb3 cxb3 46.Rc1 hxg5 47.Kg3 gxf4+ 48.Kxf4 
Rg4+ 49.Kf3 R8g7 50.Rc6 R7g6 51.Ra6 Rh6 52.Rxa4 Rh3+ 53.Ke2 f4 54.Rb4 Kg6 
55.a4 Kf5 56.Kd2 Rhg3 57.Qe2 Rg2 58.Rxb3 Rxe2+ 59.Kxe2 Ke4 60.a5 Rg1 61.
Rb6 f3+ 62.Kf2 Rc1 63.a6 Rc2+ 64.Kf1 Rc1+ 65.Kf2 Rc2+ 66.Kf1 Rc1+ 1/2-1/2

[Event "30. Augsburger Friedensfest-Open"]
[Site "Augsburg"]
[Date "2025.08.08"]
[Round "4.20"]
[White "Gruber, Johannes"]
[Black "Birth, Daniel"]
[Result "1/2-1/2"]
[WhiteElo "1916"]
[BlackElo "2083"]
[EventDate "2025.08.07"]
[Time "15:30:00"]
[WhiteNrv "1916"]
[BlackNrv "2083"]
[WhiteTwz "1916"]
[BlackTwz "2083"]
[WhiteFideId "12915521"]
[BlackFideId "4671651"]
[BlackNatFedId "10016923"]
[WhiteAttr "M"]
[BlackAttr "M"]
[WhiteTeam "?"]
[BlackTeam "SK Rochade Augsburg"]

1.c4 g6 2.g3 Bg7 3.Bg2 d6 4.Nf3 Nc6 5.Nc3 e5 6.O-O f5 7.d3 Nf6 8.Rb1 O-O 
9.e3 h6 10.b4 Kh7 11.Qc2 Be6 12.Ba3 e4 13.dxe4 Bxc4 14.Rfd1 fxe4 15.Nxe4 
Nxe4 16.Nh4 Nc3 17.Bb2 Qf6 18.Bxc3 Qxc3 19.Qxg6+ Kg8 20.Rbc1 Bf7 21.Rxc3 
Bxg6 22.Rxc6 Bh5 23.Bd5+ Kh7 24.Be4+ Kg8 25.Bd5+ 1/2-1/2

[Event "30. Augsburger Friedensfest-Open"]
[Site "Augsburg"]
[Date "2025.08.08"]
[Round "4.21"]
[White "Sensoy, Emir"]
[Black "Stork, Simon"]
[Result "0-1"]
[WhiteElo "1903"]
[BlackElo "2063"]
[EventDate "2025.08.07"]
[Time "15:30:00"]
[WhiteNrv "1903"]
[BlackNrv "2063"]
[WhiteTwz "1903"]
[BlackTwz "2063"]
[WhiteFideId "34607390"]
[BlackFideId "16217012"]
[WhiteNatFedId "10730374"]
[BlackNatFedId "10217074"]
[WhiteAttr "M"]
[BlackAttr "M"]
[WhiteTeam "MSA Zugzwang 82 e.V."]
[BlackTeam "SK Rochade Augsburg"]

1.e4 e5 2.Nf3 Nc6 3.Bc4 Nf6 4.d3 Be7 5.c3 O-O 6.Nbd2 d6 7.Bb3 Kh8 8.Nf1 d5
9.Qe2 dxe4 10.dxe4 Ne8 11.Ng3 Nd6 12.Be3 f5 13.exf5 Nxf5 14.Rd1 Qe8 15.Bc1
Nd6 16.Nxe5 Nxe5 17.Qxe5 Bf6 18.Qxe8 Rxe8+ 19.Be3 Bg4 20.Rd3 Bd7 21.Ne2 
Bb5 22.Rd5 Bc6 23.Rc5 Bxg2 24.Rg1 Bc6 25.Nd4 Ne4 26.Rh5 Bxd4 27.cxd4 Rad8 
28.Ra5 a6 29.Re5 Nf6 30.Rxe8+ Rxe8 31.Kd2 Bd5 32.Bxd5 Nxd5 33.Rc1 Kg8 34.
Bg5 Kf7 35.a3 Re4 36.Kd3 Rg4 37.Bd8 c6 38.f3 Rg2 39.Rc2 Nf4+ 40.Kc3 Rxc2+ 
41.Kxc2 Ke6 42.Bc7 Nd5 43.Be5 g6 44.Kd3 b5 45.Ke4 Nb6 46.b3 Nd5 47.Kd3 Kf5
48.Bg3 h5 49.Be5 g5 50.Kd2 g4 51.fxg4+ Kxg4 52.Kd3 Kf3 53.Kd2 Ke4 54.Ke2 
c5 55.Bd6 cxd4 56.Kd2 Nf6 57.Bg3 Ng4 58.a4 Ne5 59.axb5 axb5 60.b4 Nf3+ 61.
Kd1 Kd3 62.Bd6 Kc3 63.Ke2 d3+ 64.Kd1 Kc4 65.h3 Nd4 66.Kd2 Nc6 67.h4 Nxb4 
68.Bxb4 Kxb4 69.Kxd3 Kb3 70.Ke4 b4 71.Kf5 Ka2 72.Kg5 b3 73.Kxh5 b2 74.Kg5 
b1=Q 75.h5 Qh7 76.h6 Kb3 0-1

[Event "30. Augsburger Friedensfest-Open"]
[Site "Augsburg"]
[Date "2025.08.08"]
[Round "4.22"]
[White "Kelembet, Artem"]
[Black "Roebers, Jan"]
[Result "1/2-1/2"]
[WhiteElo "1897"]
[BlackElo "2030"]
[EventDate "2025.08.07"]
[Time "15:30:00"]
[WhiteNrv "1897"]
[BlackNrv "2030"]
[WhiteTwz "1897"]
[BlackTwz "2030"]
[BlackTitle "FM"]
[WhiteFideId "34684727"]
[BlackFideId "1007815"]
[WhiteNatFedId "10828569"]
[WhiteAttr "M"]
[BlackAttr "M"]
[WhiteTeam "SV Jedesheim 1921"]
[BlackTeam "?"]

1.d4 Nf6 2.c4 g6 3.Nc3 Bg7 4.e4 d6 5.h3 O-O 6.Be3 Nc6 7.d5 Ne5 8.f4 Ned7 
9.g4 c6 10.Bg2 cxd5 11.cxd5 b5 12.a3 Nb6 13.Bf2 Nc4 14.Qb3 a6 15.Nge2 Bd7 
16.Rd1 Rc8 17.O-O h6 18.Nd4 Qc7 19.Nce2 e6 20.dxe6 fxe6 21.Bg3 e5 22.fxe5 
dxe5 23.Nc2 Kh7 24.Nb4 1/2-1/2

[Event "30. Augsburger Friedensfest-Open"]
[Site "Augsburg"]
[Date "2025.08.08"]
[Round "4.23"]
[White "Reschka, Hans"]
[Black "Soergel, Thomas"]
[Result "1-0"]
[WhiteElo "1886"]
[BlackElo "2018"]
[EventDate "2025.08.07"]
[Time "15:30:00"]
[WhiteNrv "1886"]
[BlackNrv "2018"]
[WhiteTwz "1886"]
[BlackTwz "2018"]
[WhiteFideId "34638148"]
[BlackFideId "4667980"]
[WhiteNatFedId "10828393"]
[BlackNatFedId "10209978"]
[WhiteAttr "M"]
[BlackAttr "M"]
[WhiteTeam "SK Kriegshaber"]
[BlackTeam "SK Graefelfing"]

1.e4 e6 2.d4 d5 3.Nc3 Nf6 4.Bg5 Be7 5.e5 Nfd7 6.h4 c5 7.Bxe7 Kxe7 8.f4 
cxd4 9.Qxd4 Nc6 10.Qd2 a6 11.Nf3 b5 12.Bd3 Qb6 13.O-O-O Nc5 14.f5 h6 15.
Qf4 Nxd3+ 16.Rxd3 Rh7 17.g4 b4 18.Ne2 Ke8 19.Nfd4 Nxd4 20.Nxd4 a5 21.fxe6 
Bxe6 22.Nxe6 Qxe6 23.Qd4 Rd8 24.Qc5 Qxg4 25.Rxd5 Rc8 26.Qb5+ Kf8 27.Qxa5 
Qf4+ 28.Kb1 g6 29.Rd8+ Rxd8 30.Qxd8+ Kg7 31.Qe7 Kg8 32.Rd1 Rg7 33.Rd8+ Kh7
34.b3 Qe4 35.Kb2 f6 36.Qxf6 Qe3 37.e6 Qc5 38.Rd7 Rxd7 39.exd7 1-0

[Event "30. Augsburger Friedensfest-Open"]
[Site "Augsburg"]
[Date "2025.08.08"]
[Round "4.24"]
[White "Martin, Michael"]
[Black "Waibel, Manuel"]
[Result "0-1"]
[WhiteElo "2005"]
[BlackElo "1891"]
[EventDate "2025.08.07"]
[Time "15:30:00"]
[WhiteNrv "2005"]
[BlackNrv "1891"]
[WhiteTwz "2005"]
[BlackTwz "1891"]
[WhiteFideId "4695615"]
[BlackFideId "34608060"]
[WhiteNatFedId "10137235"]
[BlackNatFedId "10768978"]
[WhiteAttr "M"]
[BlackAttr "M"]
[WhiteTeam "SAbt TSV Haunstetten"]
[BlackTeam "Schachges. Augsburg 1873"]

1.Nf3 d5 2.d4 Nf6 3.c4 e6 4.Nc3 Be7 5.Bg5 h6 6.Bh4 O-O 7.e3 Nbd7 8.Be2 
dxc4 9.Bxc4 c5 10.O-O cxd4 11.exd4 Nb6 12.Bb3 Nbd5 13.Ne5 Nxc3 14.bxc3 Nd7
15.Bxe7 Qxe7 16.f4 b6 17.Qf3 Ba6 18.Rfe1 Nxe5 19.Rxe5 Qc7 20.Rae1 Bb7 21.
Qh3 Rad8 22.R1e3 Bd5 23.f5 Bxb3 24.axb3 exf5 25.Qxf5 Qd6 26.Re7 Qa3 27.Qc2
Rc8 28.c4 Qa1+ 29.Kf2 Qxd4 30.Qc3 Qh4+ 31.Rg3 g6 32.Kg1 Qxe7 0-1

[Event "30. Augsburger Friedensfest-Open"]
[Site "Augsburg"]
[Date "2025.08.08"]
[Round "4.25"]
[White "Kaufmann, Kurt"]
[Black "Elsinga, Brian"]
[Result "1-0"]
[WhiteElo "1998"]
[BlackElo "1851"]
[EventDate "2025.08.07"]
[Time "15:30:00"]
[WhiteNrv "1998"]
[BlackNrv "1851"]
[WhiteTwz "1998"]
[BlackTwz "1851"]
[WhiteFideId "4621301"]
[BlackFideId "1089439"]
[WhiteNatFedId "10101093"]
[WhiteAttr "M"]
[BlackAttr "M"]
[WhiteTeam "SK 1926 Noerdlingen-Ries"]
[BlackTeam "?"]

1.Nc3 c5 2.e4 Nc6 3.Bb5 g6 4.Bxc6 bxc6 5.d3 Bg7 6.f4 Nf6 7.Nf3 d6 8.O-O 
Rb8 9.Rb1 Nd7 10.Qe1 e5 11.Qg3 Ba6 12.fxe5 Nxe5 13.Nxe5 Bxe5 14.Bf4 Bxf4 
15.Qxf4 O-O 16.Qf6 Bc8 17.b3 Qxf6 18.Rxf6 Be6 19.Rbf1 d5 20.Na4 c4 21.Nc5 
cxb3 22.axb3 Rbe8 23.e5 Re7 24.d4 Rc8 25.Ra1 Rcc7 26.Kf2 Bf5 27.c3 Be6 28.
Kf3 Kg7 29.g4 h6 30.Ra6 Kg8 31.Kf4 Kg7 32.h3 Kg8 33.Ke3 Kg7 34.Kf3 Kg8 35.
Kf4 Kg7 36.Ke3 Kg8 37.Ra1 Kg7 38.Raf1 Kg8 39.Nxe6 fxe6 40.Rxg6+ Kh7 41.
Rff6 c5 42.Rxh6+ Kg7 43.Rhg6+ Kh7 44.Rxe6 cxd4+ 45.Kxd4 1-0

[Event "30. Augsburger Friedensfest-Open"]
[Site "Augsburg"]
[Date "2025.08.08"]
[Round "4.26"]
[White "Kraemer, Max"]
[Black "Vonach, Bernhard Dr."]
[Result "1-0"]
[WhiteElo "1997"]
[BlackElo "1843"]
[EventDate "2025.08.07"]
[Time "15:30:00"]
[WhiteNrv "1997"]
[BlackNrv "1843"]
[WhiteTwz "1997"]
[BlackTwz "1843"]
[WhiteFideId "16211545"]
[BlackFideId "4680243"]
[WhiteNatFedId "10114551"]
[BlackNatFedId "10231837"]
[WhiteAttr "*"]
[BlackAttr "*"]
[WhiteTeam "SK Caissa Augsburg"]
[BlackTeam "Sportfr.Windach e.V.1923"]

1.e4 e5 2.Nf3 Nc6 3.Bc4 Nf6 4.d3 Be7 5.Nc3 d6 6.h3 Na5 7.Bg5 Nxc4 8.dxc4 
O-O 9.Bxf6 Bxf6 10.Nd5 c6 11.Nxf6+ Qxf6 12.Qd3 Be6 13.O-O-O Rfd8 14.Qe2 b5
15.cxb5 cxb5 16.Kb1 Rab8 17.Qe3 Qe7 18.Rd2 f6 19.Rhd1 Rd7 20.g4 a5 21.Nh4 
g6 22.Qg3 Rbd8 23.Nf5 Qf8 24.Ne3 Kh8 25.f4 f5 26.gxf5 gxf5 27.exf5 exf4 
28.Qxf4 Qf6 29.Qe4 Qe5 30.Qxe5+ dxe5 31.fxe6 Rxd2 32.Rxd2 1-0

[Event "30. Augsburger Friedensfest-Open"]
[Site "Augsburg"]
[Date "2025.08.08"]
[Round "4.27"]
[White "Nagy, Peter"]
[Black "Beesk, Kevin"]
[Result "1/2-1/2"]
[WhiteElo "1878"]
[BlackElo "1972"]
[EventDate "2025.08.07"]
[Time "15:30:00"]
[WhiteNrv "1878"]
[BlackNrv "1972"]
[WhiteTwz "1878"]
[BlackTwz "1972"]
[WhiteFideId "34629211"]
[BlackFideId "1271882"]
[WhiteNatFedId "10793259"]
[BlackNatFedId "10011885"]
[WhiteAttr "M"]
[BlackAttr "M"]
[WhiteTeam "Rosenheimer-SV in der"]
[BlackTeam "SF Augsburg"]

1.Nf3 c5 2.c4 b6 3.g3 Bb7 4.Bg2 Nf6 5.O-O g6 6.Nc3 Bg7 7.Re1 O-O 8.e4 d6 
9.Rb1 Nc6 10.d3 Ne8 11.Be3 Nd4 12.Qd2 Nc7 13.b4 Re8 14.Bg5 Nce6 15.Bh6 Bh8
16.Nh4 cxb4 17.Rxb4 Nc5 18.f4 e6 19.Rbb1 f5 20.Rbd1 a6 21.Kh1 b5 22.Nf3 
Qa5 23.Nxd4 Bxd4 24.Nb1 Qb6 25.Qb4 Na4 26.Rc1 Rad8 27.Red1 Bc6 28.cxb5 
Bxb5 29.Na3 Rc8 30.Nxb5 axb5 31.Qb3 Nc5 32.Qb4 Na4 33.Qb3 1/2-1/2

[Event "30. Augsburger Friedensfest-Open"]
[Site "Augsburg"]
[Date "2025.08.08"]
[Round "4.28"]
[White "Wang, Simon"]
[Black "Wezel, Sebastian"]
[Result "1/2-1/2"]
[WhiteElo "1865"]
[BlackElo "1965"]
[EventDate "2025.08.07"]
[Time "15:30:00"]
[WhiteNrv "1865"]
[BlackNrv "1965"]
[WhiteTwz "1865"]
[BlackTwz "1965"]
[WhiteFideId "34605398"]
[BlackFideId "24677884"]
[WhiteNatFedId "10739430"]
[BlackNatFedId "10240928"]
[WhiteAttr "M"]
[BlackAttr "M"]
[WhiteTeam "SF Dachau 1932 e.V."]
[BlackTeam "SV Dettingen Erms"]

1.c4 g6 2.g3 Bg7 3.Bg2 Nc6 4.Nf3 e5 5.d3 d6 6.Nc3 f5 7.Rb1 Nf6 8.O-O h6 9.
b4 Be6 10.b5 Ne7 11.Bb2 O-O 12.a4 Rc8 13.a5 b6 14.axb6 axb6 15.Nd2 g5 16.
Qc2 Kh8 17.e3 g4 18.Ne2 Ng6 19.d4 e4 20.d5 Bd7 21.Nb3 h5 22.Nf4 Nxf4 
1/2-1/2